| 000 | 00966cam a22002175a 4500 | ||
|---|---|---|---|
| 001 | L156037 | ||
| 008 | 120426m18341840xxk f 000 0 eng d | ||
| 035 | _a(Sirsi) u156037 | ||
| 041 | 0 | _aeng | |
| 100 | 1 |
_aBurke, John French _dfl. 1834-1844 |
|
| 245 | 0 | 0 |
_aBritish husbandry _bexhibiting the farming practice in various parts of the United Kingdom _cpublished under the superintendence of the Society for the Diffusion of Useful Knowledge |
| 260 |
_aLondon _bBaldwin and Cradock _c1834-1840 |
||
| 300 |
_a3 v. _c22 cm. |
||
| 490 | 0 | _aLibrary of useful knowledge | |
| 520 | _aVol. 3 has title: "...Husbandry: volume the third. Comprising reports of select farms; outlines of Flemish husbandry; useful and ornamental planting; road-making; cottage economy ...". | ||
| 583 |
_aCondition reviewed _c20120620 _lcondition level 2 |
||
| 651 | 4 |
_aGreat Britain _y1707- |
|
| 690 |
_aRural _96268 |
||
| 710 | 1 | _aSociety for the Diffusion of Useful Knowledge | |
| 942 | _n0 | ||
| 999 |
_c113996 _d113996 |
||